MARC details
| 000 -CABECERA |
| campo de control de longitud fija |
03726nam a2200481 a 4500 |
| 003 - IDENTIFICADOR DEL NÚMERO DE CONTROL |
| campo de control |
CHAP |
| 005 - FECHA Y HORA DE LA ÚLTIMA TRANSACCIÓN |
| campo de control |
20250127140702.0 |
| 007 - CAMPO FIJO DE DESCRIPCIÓN FÍSICA--INFORMACIÓN GENERAL |
| campo de control de longitud fija |
cr ||||||a|c|a |
| 008 - DATOS DE LONGITUD FIJA--INFORMACIÓN GENERAL |
| campo de control de longitud fija |
110126s2010 mx r 00010 spa d |
| 035 ## - NÚMERO DE CONTROL DEL SISTEMA |
| Número de control de sistema |
112027 |
| 040 ## - FUENTE DE LA CATALOGACIÓN |
| Centro/agencia transcriptor |
CHAP |
| 090 ## - LOCALMENTE ASIGNADO TIPO-LC NÚMERO DE CLASIFICACIÓN (OCLC); NÚMERO DE CLASIFICACIÓN LOCAL (RLIN) |
| Número de clasificación (OCLC) (R) ; Numero de clasificación, CALL (RLIN) (NR) |
Tesis |
| 100 1# - ENTRADA PRINCIPAL--NOMBRE DE PERSONA |
| Nombre de persona |
Tecpan Sedano, Sara Edith |
| 9 (RLIN) |
111976 |
| 245 10 - MENCIÓN DE TÍTULO |
| Título |
Valoración económica del cerro del Tezcutzingo, Texcoco, Estado de México |
| Mención de responsabilidad, etc. |
/por Sara Edith Tecpan Sedano; director de tesis Ramón Valdivia Alcalá. |
| 264 #1 - PRODUCCIÓN, PUBLICACIÓN, DISTRIBUCIÓN, FABRICACIÓN Y COPYRIGHT |
| Producción, publicación, distribución, fabricación y copyright |
Chapingo, Méx. : |
| Nombre del de productor, editor, distribuidor, fabricante |
El autor, |
| Fecha de producción, publicación, distribución, fabricación o copyright |
2010. |
| 300 ## - DESCRIPCIÓN FÍSICA |
| Extensión |
1 recurso en línea (117 páginas): |
| Otras características físicas |
cuadros, figuras. |
| 336 ## - TIPO DE CONTENIDO |
| Fuente |
rdacontent |
| Término de tipo de contenido |
texto |
| Código de tipo de contenido |
txt |
| 337 ## - TIPO DE MEDIO |
| Fuente |
rdamedia |
| Nombre/término del tipo de medio |
computadora |
| Código del tipo de medio |
c |
| 338 ## - TIPO DE SOPORTE |
| Fuente |
rdacarrier |
| Nombre/término del tipo de soporte |
recursos en línea |
| Código del tipo de soporte |
cr |
| 502 ## - NOTA DE TESIS |
| Tipo de título |
Doctorado en Ciencias en Economía Agrícola |
| Nombre de la institución que otorga el título |
División de Ciencias Económico Administrativas, |
| Año de obtención del título |
2010. |
| Información miscelánea |
Doctorado |
| 520 ## - SUMARIO, ETC. |
| Sumario, etc. |
RESUMEN<br/>En la presente investigación se abordó la<br/>problemática que presenta el cerro del<br/>Tezcutzingo, conocida coloquialmente como “Los<br/>Baños de Netzahualcóyotl”, ya que al<br/>comportarse como un bien publico (no exclusión<br/>y no rivalidad en el consumo), y siendo recursos<br/>de libre acceso carecen de un mercado y en<br/>consecuencia, también carecen de un precio de<br/>disfrute, que refleje su valor.<br/>Por lo que se le asigna al Estado la<br/>responsabilidad de conservarlo y administrarlo,<br/>pero éste no tiene los recursos necesarios para<br/>darle un adecuado mantenimiento así que al no<br/>darle el mantenimiento constante y adecuado se<br/>ha deteriorado y en caso extremo se puede llegar<br/>a la pérdida de este recurso natural y<br/>arqueológico.<br/>Dicho lugar constituye un activo cultural que la<br/>sociedad desea conservar ya que proporciona<br/>utilidad tanto a los habitantes del medio rural<br/>donde está inmerso, como a los habitantes del<br/>medio urbano que visitan la zona, sin embargo,<br/>en la actualidad presenta problemas como la<br/>disminución de cobertura vegetal, contaminación<br/>por residuos de visitantes, alta tasa de erosión,<br/>mal estado de edificios y jardines, deforestación<br/>y extracción de recursos forestales.<br/>Dentro de este contexto se propone como<br/>Objetivo General, Valorar económicamente la<br/>riqueza natural y arqueológica de la zona<br/>conocida como “Los baños de Netzahualcóyotl”,<br/>para la gente que conoce y/o visita.<br/>Se utilizó el método de valoración contingente,<br/>para lo cual se realizaron 120 encuestas a<br/>visitantes y personas que viven cerca de dicho<br/>lugar. Con la información obtenida resultó una<br/>Disposición a Pagar (DAP) de 41.89 pesos Las<br/>variables que más explicaron el modelo fueron<br/>precio, PAM (percepción ambiental), ingreso y<br/>sexo.<br/>Palabras clave: Disponibilidad a pagar (DAP),<br/>conservación, cerro del Tezcutzingo, valoración<br/>económica |
| 650 14 - PUNTO DE ACCESO ADICIONAL DE MATERIA--TÉRMINO DE MATERIA |
| Término de materia o nombre geográfico como elemento de entrada |
Areas recreativas. |
| 9 (RLIN) |
6882 |
| 650 14 - PUNTO DE ACCESO ADICIONAL DE MATERIA--TÉRMINO DE MATERIA |
| Término de materia o nombre geográfico como elemento de entrada |
Arqueología |
| Subdivisión general |
Mantenimiento y reparación. |
| 9 (RLIN) |
7347 |
| 650 14 - PUNTO DE ACCESO ADICIONAL DE MATERIA--TÉRMINO DE MATERIA |
| Término de materia o nombre geográfico como elemento de entrada |
Arqueología |
| Subdivisión general |
México (Edo.) |
| 9 (RLIN) |
7349 |
| 650 14 - PUNTO DE ACCESO ADICIONAL DE MATERIA--TÉRMINO DE MATERIA |
| Término de materia o nombre geográfico como elemento de entrada |
Control de precios. |
| 9 (RLIN) |
27602 |
| 650 14 - PUNTO DE ACCESO ADICIONAL DE MATERIA--TÉRMINO DE MATERIA |
| Término de materia o nombre geográfico como elemento de entrada |
Recursos naturales |
| Subdivisión general |
Administración. |
| 9 (RLIN) |
95175 |
| 650 14 - PUNTO DE ACCESO ADICIONAL DE MATERIA--TÉRMINO DE MATERIA |
| Término de materia o nombre geográfico como elemento de entrada |
Recursos naturales |
| Subdivisión general |
Conservación |
| Subdivisión geográfica |
México (Edo.). |
| 9 (RLIN) |
95266 |
| 700 1# - PUNTO DE ACCESO ADICIONAL--NOMBRE DE PERSONA |
| Nombre de persona |
Valdivia Alcalá, Ramón |
| 9 (RLIN) |
117308 |
| Término indicativo de función/relación |
Director de tesis. |
| 856 ## - LOCALIZACIÓN Y ACCESO ELECTRÓNICOS |
| Identificador Uniforme del Recurso |
http://10.13.5.2/tesis/112027.pdf |
| Nota pública |
DESCARGAR PDF |
| 942 ## - ELEMENTOS DE PUNTO DE ACCESO ADICIONAL (KOHA) |
| Tipo de ítem Koha |
Tesis digital |
| Fuente del sistema de clasificación o colocación |
Clasificación Universidad Autónoma Chapingo |
| 590 ## - NOTA LOCAL (RLIN) |
| Nota local |
ALEPH |
| Procedencia (VM) [OBSOLETO] |
10 |
| Condición del los carretes individuales (VM) [OBSOLETO] |
20130110 |
| 590 ## - NOTA LOCAL (RLIN) |
| Nota local |
BATCH-UPD |
| Procedencia (VM) [OBSOLETO] |
10 |
| Condición del los carretes individuales (VM) [OBSOLETO] |
20130110 |
| 590 ## - NOTA LOCAL (RLIN) |
| Nota local |
BATCH-UPD |
| Procedencia (VM) [OBSOLETO] |
10 |
| Condición del los carretes individuales (VM) [OBSOLETO] |
20130410 |
| 590 ## - NOTA LOCAL (RLIN) |
| Nota local |
BATCH-UPD |
| Procedencia (VM) [OBSOLETO] |
10 |
| Condición del los carretes individuales (VM) [OBSOLETO] |
20130914 |
| 590 ## - NOTA LOCAL (RLIN) |
| Nota local |
BATCH-UPD |
| Procedencia (VM) [OBSOLETO] |
10 |
| Condición del los carretes individuales (VM) [OBSOLETO] |
20140324 |
| 590 ## - NOTA LOCAL (RLIN) |
| Nota local |
BATCH-UPD |
| Procedencia (VM) [OBSOLETO] |
10 |
| Condición del los carretes individuales (VM) [OBSOLETO] |
20141002 |
| 590 ## - NOTA LOCAL (RLIN) |
| Nota local |
CONVERSION |
| Procedencia (VM) [OBSOLETO] |
10 |
| Condición del los carretes individuales (VM) [OBSOLETO] |
20130109 |
| 901 ## - ELEMENTOS DE DATOS A LOCAL LDA (RLIN) |
| a |
BK |
| 949 ## - PROCESAMIENTO DE INFORMACIÓN LOCAL (OCLC) |
| a |
Tesis |
| b |
BC |
| c |
TES |
| d |
33724002228454 |
| e |
TS1 |
| g |
DonaciØn |
| h |
51822 |
| i |
112027 |
| s |
b |
| 949 ## - PROCESAMIENTO DE INFORMACIÓN LOCAL (OCLC) |
| a |
Tesis |
| b |
BC |
| c |
TES |
| d |
33724002228496 |
| e |
TS2 |
| f |
c.2 |
| g |
DonaciØn |
| h |
51823 |
| i |
112027 |
| s |
b |